000 01335nac a22003131i 4500
003 EG-ScBUE
005 20241210134351.0
008 241210s njua f b 001 0 eng d
020 _a047168029X
020 _a9780471680291
040 _aEG-ScBUE
_beng
_erda
_cEG-ScBUE
_dEG-ScBUE
082 0 4 _a519.542
_bDEG
_222
100 1 _aDeGroot, Morris H.,
_eauthor.
245 1 0 _aOptimal statistical decisions /
_cMorris H. DeGroot, professor of mathematical statistics and head, Department of Statistics, Carnegie-Mellon University.
250 _aWiley classics library edition.
264 1 _aHoboken, N.J. :
_bWiley-Interscience,
_c2004.
300 _axviii, 489 pages :
_billustrations ;
_c24 cm
336 _2rdacontent
_atext
_btxt
337 _aunmediated
_2rdamedia
_bn
338 _avolume
_bnc
_2rdacarrier
504 _aIncludes bibliographical references and indexes.
650 7 _aStatistical decision.
_2BUEsh
650 0 _aBayesian statistical decision theory.
_2BUEsh
655 _vReading book
856 4 1 _3Table of contents
_uhttp://www.loc.gov/catdir/toc/wiley041/2004274324.html
856 4 1 _3Contributor biographical information
_uhttp://www.loc.gov/catdir/bios/wiley047/2004274324.html
856 4 1 _3Publisher description
_uhttp://www.loc.gov/catdir/description/wiley041/2004274324.html
942 _cBB
_2ddc
999 _c1285
_d1285